| 000 | 00639nam a2200241 a 4500 | ||
|---|---|---|---|
| 001 | nice12345678 | ||
| 003 | IN_TiNIC | ||
| 005 | 20260116011806.0 | ||
| 008 | 050524s1938 beia grs 000 0 03g | ||
| 020 |
_a _c100 |
||
| 082 | 0 | 0 |
_a227.7 _bJAD |
| 100 | _aJadeed, Iskandar | ||
| 245 |
_aAlmasih Fi-Kum _b Raja-Ul-Majd, Commentary on Colossians. |
||
| 260 |
_aBeirut _bMarkaz Ilshabiyata _c1938 |
||
| 300 | _a126p | ||
| 500 | _aincludes index and biblioraphy | ||
| 505 | 2 | _a3 volumes bound together. | |
| 650 | _aBible N.T. Epistles Colossians | ||
| 700 | 1 | _aJadeed, Iskandar | |
| 902 | _bSRS | ||
| 942 | _cPS | ||
| 999 |
_c4006 _d4006 |
||